LIT KILLAH - Canciones de Albumes y EP - Estadísticas

Estadísticas generales
  • Esta prueba ha sido intentada 98 veces
    23 desde el último reinicio
  • La puntuación promedio es 26 de 46
Estadísticas de respuestas
Temas MAWZ % Correcto
María Becerra En La Oscuridad
94%
Duki Mala Mia
94%
Milo J, RONNY J Carta De Despedida
88%
L-Gante, De La Ghetto Ku´
88%
Rusherking A tus Pies
76%
Salastkbron, Pablo Chill-E No Los Vi
76%
Tiago PZK Dame Una Nite
71%
Khea Dejame Tranki
71%
Lil Mosey Bipolar
65%
Snow Tha Product GO'
65%
Los Palmeras Killer Bombon
65%
Tuli Mala Suerte
65%
. My Bag
65%
Lil Pump, Nesty La Mente Maestra OKEY
65%
. Parking
65%
Nicki Nicole Somos 3
65%
Rei Bad B*tches
59%
Emilia Mernes Damn Girl
59%
FMK Ese Mensaje
59%
. Kustom
59%
. La Elite
59%
. La Tormenta
59%
Tiago PZK, Big One LuXxX
59%
. Man$ion
59%
. California
53%
Dalex La Noche
53%
Polimá Westcoast, Lucho SSJ Más de uno
53%
Hades66, Los Money Makers Nada Fácil
53%
. No Hables Mal de Mi
53%
. Soy Uno Mas
53%
. BPM
47%
. Change
47%
. Dame Q
47%
. Época de cambio
47%
. La Trampa Es Ley
47%
. Mientras Tanto
47%
. Otra Vez
47%
. All Inclusive
41%
. Label
41%
. Luz Verde
41%
. Neon
41%
. El Inversor
35%
. Hechizame
35%
. Nada de Nada
35%
. Dreams & Love
29%
. Se Que No Te Gusta Estar So´
24%
No se encontraron pruebas coincidentes
Distribución de puntuación
Porcentaje de gente con cada puntuación
Porcentaje por número respondido
Historial de tus puntuaciones
No has intentado esta prueba desde el último reinicio